000 00586nam a2200181Ia 4500
003 GCL
005 20240530094726.0
008 140319s9999 xx 000 0 ara d
020 _a7693001977
040 _aGCL /
_cGCL
082 0 4 _a962.031
_bق/ع ع
100 1 _aعبدالرحمن الرافعى
245 1 0 _aعصر محمد على /
_cعبدالرحمن الرافعى
260 _aالقاهرة :
_bالهيئة المصرية العامة للكتاب ،
_c2000
300 _a607 ص ؛
_c22 سم
650 0 4 _aمصر - تاريخ - العصر الحديث
942 _2ddc
_cBK
999 _c525
_d525